000 00235 a2200097 4500
001 41769
100 _aSalt L E
245 _aOxford Junior Encyclopedia (Vol-I)
260 _aLondon
_bOxford University Press
_c
090 _c25881
_d25881
942 _aNUST-CAE
_cM
_c17648
999 _c276842
_d276842